CS:GO StarLadder Major 2019 - Uczestnicy - Statystyki

Ogólne statystyki
  • Ten quiz został rozwiązany 161 razy
  • Średni wynik to 14 z 24
Statystyki odpowiedzi
Odpowiedź % Poprawnych
Astralis
96%
Natus Vincere
91%
FaZe
84%
G2
82%
Liquid
82%
Vitality
75%
NiP
73%
AVANGAR
69%
ENCE
68%
MIBR
68%
Renegades
67%
mousesports
57%
NRG
56%
FURIA
53%
TYLOO
50%
North
47%
DreamEaters
43%
CR4ZY
42%
forZe
39%
Complexity
38%
Grayhound
35%
Syman
29%
HellRaisers
22%
INTZ
20%
Nie znaleziono quizów pasujących do podanych kryteriów
Rozkład punktacji
Procent ludzi z każdym wynikiem
Percentyl według liczby udzielonych odpowiedzi
Twoja historia wyników
Nie rozwiązałeś tego quizu